[Event "Edmonton CC"]
[Site "Edmonton"]
[Date "1998.??.??"]
[Round "3"]
[White "Quiring, John"]
[Black "Ottosen, David"]
[Result "1-0"]
[WhiteElo "1935"]
[BlackElo "2035"]
[PlyCount "63"]
[EventDate "1998.??.??"]
[EventType "game"]
[EventRounds "5"]
[EventCountry "CAN"]
[SourceTitle "EXT 2021"]
[Source "ChessBase"]
[SourceDate "2020.10.23"]
[SourceVersion "1"]
[SourceVersionDate "2020.10.23"]
[SourceQuality "1"]

1. e4 d5 2. exd5 Nf6 3. Nf3 Nxd5 4. d4 Bg4 5. h3 Bf5 6. c4 Nb4 7. Qa4+ N8c6 8. Na3 e6 9. Be2 Nd3+ 10. Bxd3 Bxd3 11. Bd2 Qd7 12. Qb3 Be4 13. Qe3 Bxf3 14. Qxf3 Qxd4 15. Bc3 Bb4 16. 0-0 Bxc3 17. bxc3 Qc5 18. Nb5 Rc8 19. Qg3 0-0 20. Nxc7 Qxc4 21. Rab1 Na5 22. Nb5 Ra8 23. Rb4 Qxa2 24. Rg4 g6 25. Nd6 Qa3 26. h4 Rad8 27. Rd1 Rd7 28. h5 Qb3 29. Re1 f5 30. Rb4 f4 31. Qh3 Qxc3 32. Qxc3 1-0